Sabrina Carpenter - Chansons commençant par B - Statistiques

Statistiques générales
  • Ce quiz a été pris 24 fois
  • Le résultat moyen est 4 sur 9
Statistiques - réponses
Lettres Chansons % Correct
B Bed Chem
89%
B because i liked a boy
79%
B Busy Woman
53%
B Bad Reviews
47%
B bet u wanna
42%
B Bad for Business
37%
B Bad Time
37%
B Best Thing I Got
21%
B buy me presents
21%
Aucun quiz correspondant
Distribution des résultats
% des personnes avec chaque résultat
Percentile par nombre de réponses
Votre historique - résultats
Vous n’avez pas pris ce quiz